Realidad y leyenda de las amazonas
Guardat en:
| Autor principal: | |
|---|---|
| Format: | Llibre |
| Idioma: | espanyol |
| Publicat: |
Madrid
Espasa-Calpe
1967
|
| Col·lecció: | Colección Austral, 1396
|
| Matèries: | |
| Etiquetes: |
Afegir etiqueta
Sense etiquetes, Sigues el primer a etiquetar aquest registre!
|
MARC
| LEADER | 00000nam a2200000 a 4500 | ||
|---|---|---|---|
| 001 | UCL3563 | ||
| 003 | CL-VaPUC | ||
| 008 | 031128e19670000SP |||||||||||||||||spa|d | ||
| 082 | 0 | 4 | |a 305.4 |b ALO |2 21 |
| 100 | 0 | |a Alonso del Real, Carlos |e author |9 480889 | |
| 245 | 1 | 0 | |a Realidad y leyenda de las amazonas |
| 300 | |a 241 p | ||
| 942 | |c BK | ||
| 945 | |d 20031128 00:00:00 |a cmena | ||
| 260 | |a Madrid |b Espasa-Calpe |c 1967 | ||
| 650 | 0 | |a Mujeres |9 257649 | |
| 650 | 0 | |a Mitología |9 255719 | |
| 650 | 0 | |a Grupos sociales |9 268887 | |
| 650 | 7 | |a MUJERES GUERRERAS |2 CL-VaPUC |9 480890 | |
| 650 | 0 | |a Amazonas |9 480891 | |
| 583 | |a last modification |c 20180611 01:20:50 |k Rodrigo Vera | ||
| 490 | 0 | |a Colección Austral, 1396 | |
| 999 | |c 306584 |d 306582 | ||
| 952 | |0 0 |1 0 |4 0 |6 305_400000000000000_ALO_1967 |7 0 |8 A |9 371694 |a BIBHIS |b BIBHIS |d 2019-11-21 |i 3968553 |o 305.4 ALO 1967 |p 3968553 |r 2025-01-20 |w 2019-11-21 |y BK |k HIS | ||